000 00597nam a2200241 a 4500
001 nice12345678
003 IN_TiNIC
005 20260116012355.0
008 050524s1983 bana grp 000 0 eng
020 _a
_c20
082 0 0 _a291.4
_bRAO
100 _aRao, R R Sundara
245 _aBhakti Theology in the Telugu Hymnal.
260 _aBangalore
_bChristian Instt.For Study of Religion
_c1983
300 _a129p
500 _aincludes index and biblioraphy
505 2 _aIndex
650 _aBhakti
700 1 _aRao, R R Sundara
902 _bSRS
942 _cBK
999 _c6758
_d6758